000 00283nam a2200097Ia 4500
008 240331s9999 xx 000 0 und d
082 _bEXP
100 _aShoesmith, Dennis, editor
245 0 _aExport processing zones in five countries :
_bThe economic and human consequences
942 _cL
999 _c2965
_d2965